| 000 | 00562nam a2200193Ia 4500 | ||
|---|---|---|---|
| 005 | 20250326144952.0 | ||
| 008 | 250326s9999 xx 000 0 und d | ||
| 020 | _a0-394-55186-9 | ||
| 037 | _aTextbook | ||
| 040 |
_aFMSL _beng _cFMSL |
||
| 041 |
_aeng _2eng |
||
| 084 |
_aX8(A):8.42 M6 _qFMSL |
||
| 100 |
_aImai Masaaki _9455803 |
||
| 245 | 0 |
_aKaizen:the key to Japan competitive success _cImai Masaaki |
|
| 260 |
_aNew York _bNew York, McGraw-Hill _c1986 |
||
| 300 | _axxxiii,259 | ||
| 942 |
_cTB _hX8(A):8.42 M6 |
||
| 999 |
_c1305847 _d1305847 |
||